000 00842 a2200301 4500
003 00
005 20171011125203.0
008 171011b xxu||||| |||| 00| 0 eng d
020 _a2-84074-013-3
037 _b1, Bu
037 _aS6229
040 _aBUAC
_cBUC
_dBUC
041 _aFre
100 _aRifflet, Jean-Marie
100 _lFr
245 _aLa programmation sous UNIX
_c/ par Jean-Marie Rifflet
250 _a3e éd.
260 _aParis :
_bEdiscience,
_c1994
300 _aXX-630p.
_bcouv. en coul. ;
_c24cm
440 _a(Collection Informatique)
_x0989-392X
500 _aIndex. pp 619-630
630 _a68 - industries, metiers et commerces de produits finis ou assembles
_966
650 _a6 - SCIENCES APPLIQUEES
650 _aInformatique : Système
_919072
650 _aUNIX
942 _cLBA
999 _c42777
_d42777